| 000 | 00368nam a22001577a 4500 | ||
|---|---|---|---|
| 020 | _a9789356996823 | ||
| 082 |
_a823 _bKAN/A |
||
| 100 | _aKanan Gill | ||
| 245 |
_aActs of god / _cby Kanan Gill |
||
| 260 |
_aHaryana: _bHarperCollins, _c2024. |
||
| 300 | _a349p. | ||
| 650 | _aNovel English | ||
| 650 | _aLiterature English | ||
| 650 | _aLiterature | ||
| 942 | _cBK | ||
| 999 |
_c181290 _d181290 |
||